| 000 | 00581nam a22002057a 4500 | ||
|---|---|---|---|
| 005 | 20250128121955.0 | ||
| 010 | _aENG-143634 | ||
| 020 |
_a9789353387273 _c795.00 |
||
| 035 | _aEN-127166 | ||
| 037 | _bDBAD | ||
| 082 | _a519.5 | ||
| 100 |
_aSharma , J K _977191 |
||
| 245 |
_aBusiness Statistics/ _cby J K Sharma |
||
| 250 | _a5 | ||
| 260 |
_aNew Delhi _bVikas Publishing House _c2023 |
||
| 270 |
_a7361, Ravindra Mansion, Ram Nagar, _bNew Delhi _e110002 |
||
| 300 |
_a759p. _c28cm.(pb) |
||
| 500 | _aIt includes index | ||
| 942 |
_2ddc _cEN _mSHA _h519.5 |
||
| 999 |
_c208834 _d208834 |
||